Normal view
MARC view
- NETWORK SECURITY ARCHITECTURES. EXPERT GUIDANCE ON DESIGNING SECURE NETWORKS
Entry Topical Term
001 - CONTROL NUMBER
- control field: 68578
003 - CONTROL NUMBER IDENTIFIER
- control field: NUST
005 - DATE AND TIME OF LATEST TRANSACTION
- control field: 20210628204053.0
008 - FIXED-LENGTH DATA ELEMENTS
- fixed length control field: 210628|| aca||aabn | a|a d
040 ## - CATALOGING SOURCE
- Original cataloging agency: NUST
- Transcribing agency: NUST
150 ## - HEADING--TOPICAL TERM
- Topical term or geographic name entry element: NETWORK SECURITY ARCHITECTURES. EXPERT GUIDANCE ON DESIGNING SECURE NETWORKS
670 ## - SOURCE DATA FOUND
- Source citation: Work cat.: (NUST): Convery, Sean 68577, Network security architectures,expert guidance on designing secure networks, 2012
